Statistics for Song lyrics - Zanzibar by Billy Joel

Click here to take the quiz!

General Stats

  • This quiz has been taken 8 times
  • The average score is 28 of 32

Answer Stats

HintAnswer% Correct
I've got a tabAt Zanzibar
100%
And I've got a jazzGuitar
100%
I've got a jazzGuitar
100%
Tonight that's whereI‘ll be
100%
Tonight that‘s whereI‘ll be
100%
I‘ve got aJazz guitar
100%
I‘ve got aTab at Zanzibar
100%
Tonight that'sWhere I‘ll be
100%
I've got a tab atZanzibar
100%
Ali dances and the audienceApplauds
86%
But the waitress always servesA secret smile
86%
I‘ve got the old mansCar
86%
I've got the old man'sCar
86%
Tell the waitress I'llCome back to Zanzibar
86%
She's gonna pull the curtainsDown for me
86%
Ali dont you goDowntown
86%
In black and white forEveryone to see
86%
But the Yankees grab the headlinesEvery time
86%
Me, I'm just anotherFace at Zanzibar
86%
She‘s gonna pull the curtains downFor me
86%
You gave away another round forFree
86%
Though he‘s bathed in sweatHe hasn‘t lost his style
86%
I've got theOld mans car
86%
The inning isn'tOver yet for me
86%
Me, I'm trying just to get toSecond base
86%
Melodrama'sSo much fun
86%
Rose, he knows he's such a credit toThe game
86%
She's gonna giveThe go ahead
86%
And I'd steal it if she only gaveThe sign
86%
I'll be hiding in the darknessWith my beer
86%
She's waitingOut in Shantytown
71%
She‘s waiting out inShantytown
71%

Score Distribution

Percentile by Number Answered

Percent of People with Each Score

Your Score History

You have not taken this quiz